| 000 | 00433nam a2200145Ia 4500 | ||
|---|---|---|---|
| 008 | 210210b1983 xxu||||| |||| 00| 0 eng d | ||
| 082 | _a954.02 MEHA | ||
| 100 | _aMEHTA (J L). | ||
| 245 | _aAdvanced study in the history of medieval India, medieval Indian society and culture. Vol 3. | ||
| 260 |
_aNew Delhi. _bSterling Publishers Pvt Ltd., _c1983 |
||
| 300 | _axii,324 | ||
| 440 | _a3 | ||
| 690 | _aIndian History | ||
| 906 | _a036052 | ||
| 999 |
_c86552 _d86552 |
||